[Event "Bayview Games Club #111"]
[Site "Toronto CAN"]
[Date "2007.11.26"]
[Round "1"]
[White "McNeil, Joan"]
[Black "Tellier, Raymond"]
[Result "1-0"]
[WhiteElo "1362"]
[BlackElo "1475"]
[PlyCount "67"]
[GameId "2160767910565965"]
[EventDate "2007.11.26"]
[EventType "tourn"]
[EventRounds "7"]
[EventCountry "CAN"]

1. d4 d5 2. Nf3 Nf6 3. e3 c6 4. c3 Bf5 5. Nbd2 e6 6. Qb3 Qc7 7. c4 dxc4 8. Nxc4 b5 9. Nce5 a5 10. a4 Bd6 11. axb5 cxb5 12. Bxb5+ Nbd7 13. Nxd7 Nxd7 14. Bd2 O-O 15. Rc1 Qb6 16. Rc6 a4 17. Rxb6 axb3 18. Rxd6 Ra1+ 19. Ke2 Rxh1 20. Rxd7 Rb1 21. Bc3 e5 22. Re7 e4 23. Nd2 Rh1 24. h3 Be6 25. Nxe4 h6 26. Nc5 Kh7 27. Nxe6 fxe6 28. Rxe6 Rc1 29. Bd3+ Kg8 30. Kd2 Rf1 31. Bxf1 Rxf2+ 32. Be2 Rxg2 33. Re8+ Kf7 34. Rb8 1-0

[Event "Bayview Games Club #111"]
[Site "Toronto CAN"]
[Date "2007.12.03"]
[Round "2"]
[White "Armstrong, Robert J"]
[Black "Benson, Christopher"]
[Result "0-1"]
[WhiteElo "1818"]
[BlackElo "1927"]
[PlyCount "46"]
[GameId "2160767910565966"]
[EventDate "2007.11.26"]
[EventType "tourn"]
[EventRounds "7"]
[EventCountry "CAN"]

1. d4 e6 2. c4 Nf6 3. Nf3 b6 4. e3 Bb7 5. Bd3 Be7 6. O-O c5 7. Nc3 d5 8. b3 O-O 9. Bb2 Nc6 10. Rc1 cxd4 11. exd4 Rc8 12. cxd5 Nxd5 13. Nxd5 Qxd5 14. Qe2 Nb4 15. Bb1 Qh5 16. Rfe1 Bxf3 17. gxf3 Bd6 18. Qe4 Nd5 19. Rxc8 Rxc8 20. Bc1 Qxh2+ 21. Kf1 Qh1+ 22. Ke2 Nc3+ 23. Kd3 Nxe4 0-1

[Event "Bayview Games Club #112"]
[Site "Toronto CAN"]
[Date "2007.??.??"]
[Round "4"]
[White "Maguire, Jack"]
[Black "Buzila, Georghe"]
[Result "0-1"]
[WhiteElo "1418"]
[BlackElo "1727"]
[PlyCount "106"]
[GameId "2160767910565964"]
[EventDate "2007.12.01"]
[EventType "tourn"]
[EventCountry "CAN"]

1. d4 d5 2. e4 dxe4 3. Nc3 Nf6 4. f3 Bf5 5. g4 Bg6 6. g5 Nd5 7. Nxe4 e6 8. Bb5+ c6 9. Bd3 Nd7 10. Bd2 Qc7 11. Ne2 Bh5 12. N2g3 Bg6 13. Qe2 Nf4 14. Bxf4 Qxf4 15. h4 O-O-O 16. h5 Bxe4 17. Nxe4 Be7 18. Rg1 Nb6 19. Rg4 Qc7 20. Nc3 Rd7 21. O-O-O Qd8 22. Qe3 Bb4 23. Be2 Re8 24. Re4 Bxc3 25. bxc3 Nd5 26. Qd2 Qa5 27. Kb2 Nb6 28. Re3 Rd5 29. f4 c5 30. Re5 c4 31. Ka1 Red8 32. Bf3 Rb5 33. Rxb5 Qxb5 34. Rb1 Qa6 35. Be4 g6 36. h6 Nd5 37. Qg2 b6 38. Qf3 b5 39. f5 gxf5 40. Bxf5 exf5 41. Qxf5+ Qe6 42. Qxh7 Nxc3 43. Rf1 Qa6 44. Qf5+ Rd7 45. Qc5+ Rc7 46. Qf5+ Kb8 47. Kb2 Qxa2+ 48. Kxc3 b4+ 49. Kd2 c3+ 50. Ke3 Re7+ 51. Kf4 Qc4 52. Rd1 Qe2 53. Qb5+ Qxb5 0-1

[Event "Bluenose CC-ch"]
[Site "Halifax CAN"]
[Date "2007.03.02"]
[Round "1"]
[White "McGillivary, Mike"]
[Black "Kenney, Jason"]
[Result "0-1"]
[WhiteElo "1774"]
[BlackElo "2193"]
[PlyCount "56"]
[GameId "2160767910718271"]
[EventDate "2007.03.02"]
[EventType "swiss"]
[EventRounds "5"]
[EventCountry "CAN"]

1. e4 c5 2. Nf3 d6 3. d4 cxd4 4. Nxd4 Nf6 5. Nc3 a6 6. Bg5 e6 7. f4 Qb6 8. Nb3 Be7 9. Qf3 Nbd7 10. O-O-O Qc7 11. Bd3 b5 12. Rhe1 b4 13. Ne2 h6 14. Qh3 a5 15. Ned4 a4 16. Nb5 Qb6 17. N3d4 Qc5 18. Bxf6 Nxf6 19. e5 Nd5 20. Qg4 O-O 21. Nxd6 a3 22. f5 axb2+ 23. Kd2 Bg5+ 24. Ke2 Nc3+ 25. Kf1 Nxd1 26. Rxd1 Qxe5 27. Nxc8 Raxc8 28. Nf3 Qf4 0-1

[Event "Bluenose CC-ch"]
[Site "Halifax CAN"]
[Date "2007.03.03"]
[Round "2"]
[White "Kenney, Jason"]
[Black "Du, Jasmine"]
[Result "1-0"]
[WhiteElo "2193"]
[BlackElo "1770"]
[PlyCount "57"]
[GameId "2160767910718272"]
[EventDate "2007.03.02"]
[EventType "swiss"]
[EventRounds "5"]
[EventCountry "CAN"]

1. e4 e5 2. Nf3 Nc6 3. Bb5 a6 4. Ba4 d6 5. Bxc6+ bxc6 6. d4 exd4 7. Qxd4 Be6 8. O-O Nf6 9. Nc3 Be7 10. e5 Ng4 11. Qa4 Bd7 12. e6 Bxe6 13. Nd4 Ne5 14. f4 Ng4 15. Nxe6 fxe6 16. Qxc6+ Kf7 17. f5 exf5 18. Qd5+ Ke8 19. Qxf5 Nf6 20. Bg5 Rf8 21. Bxf6 Rxf6 22. Qxh7 Rxf1+ 23. Rxf1 Bf6 24. Qg6+ Kd7 25. Qf5+ Kc6 26. Qd5+ Kd7 27. Ne4 Rb8 28. Nc5+ Ke8 29. Qg8+ 1-0

[Event "Bluenose CC-ch"]
[Site "Halifax CAN"]
[Date "2007.03.03"]
[Round "3"]
[White "Wysocki, Antoni"]
[Black "Kenney, Jason"]
[Result "1/2-1/2"]
[WhiteElo "2155"]
[BlackElo "2193"]
[PlyCount "60"]
[GameId "2160767910718273"]
[EventDate "2007.03.02"]
[EventType "swiss"]
[EventRounds "5"]
[EventCountry "CAN"]

1. c4 Nf6 2. Nc3 e6 3. e4 d5 4. e5 d4 5. exf6 dxc3 6. bxc3 Qxf6 7. Nf3 h6 8. d4 c5 9. Ba3 Be7 10. Bd3 Nc6 11. O-O cxd4 12. Bxe7 Kxe7 13. Be4 dxc3 14. Qa4 Rd8 15. Bxc6 bxc6 16. Qxc6 Bd7 17. Qc5+ Ke8 18. Rac1 Rac8 19. Qb4 Bc6 20. Rxc3 Qf4 21. Qb1 Be4 22. Qc1 Qg4 23. h3 Qh5 24. Re1 Bxf3 25. Rxf3 Rd4 26. Qa3 Qc5 27. Qa4+ Ke7 28. Ra3 Rc7 29. Rc1 g5 30. Rb3 Rd2 1/2-1/2

[Event "Bluenose CC-ch"]
[Site "Halifax CAN"]
[Date "2007.03.04"]
[Round "4"]
[White "Wang, Shane"]
[Black "Kenney, Jason"]
[Result "0-1"]
[WhiteElo "2053"]
[BlackElo "2193"]
[PlyCount "50"]
[GameId "2160767910718274"]
[EventDate "2007.03.02"]
[EventType "swiss"]
[EventRounds "5"]
[EventCountry "CAN"]

1. e4 c5 2. Nf3 d6 3. d4 cxd4 4. Nxd4 Nf6 5. Nc3 a6 6. f3 e5 7. Nb3 Be6 8. Be3 Nbd7 9. Qd2 b5 10. O-O-O Be7 11. Qf2 Rc8 12. Kb1 Rxc3 13. bxc3 Qc7 14. Kb2 d5 15. Bd3 O-O 16. Qd2 Nb6 17. Bxb6 Qxb6 18. Rhe1 Rc8 19. Bf1 b4 20. Qd3 bxc3+ 21. Ka1 Rc4 22. exd5 Ra4 23. Rb1 Nxd5 24. Nc1 Nb4 25. Qe4 Bd5 0-1

[Event "Bluenose CC-ch"]
[Site "Halifax CAN"]
[Date "2007.03.07"]
[Round "5"]
[White "Kenney, Jason"]
[Black "Ferreira, Paulo"]
[Result "1-0"]
[WhiteElo "2193"]
[BlackElo "1780"]
[PlyCount "41"]
[GameId "2160767910718275"]
[EventDate "2007.03.02"]
[EventType "swiss"]
[EventRounds "5"]
[EventCountry "CAN"]

1. e4 d5 2. exd5 Qxd5 3. Nc3 Qa5 4. d4 Nf6 5. Nf3 Bg4 6. h3 Bh5 7. Bd2 c6 8. Bc4 Qc7 9. g4 Bg6 10. Qe2 Bxc2 11. Bxf7+ Kxf7 12. Ne5+ Ke8 13. Bf4 Qa5 14. Qxc2 Nd5 15. Bd2 Nxc3 16. bxc3 Qd5 17. O-O Nd7 18. Rfe1 Nxe5 19. Rxe5 Qf3 20. Rae1 Qxh3 21. Qe4 1-0

[Event "Briths Columbia-ch U20 reserves"]
[Site "New Westminster CAN"]
[Date "2007.11.10"]
[Round "1.1"]
[White "Karavai, Algerd"]
[Black "Parker, Dylan"]
[Result "0-1"]
[WhiteElo "1129"]
[BlackElo "1450"]
[PlyCount "36"]
[GameId "2160767910566120"]
[EventDate "2007.11.10"]
[EventType "swiss"]
[EventRounds "5"]
[EventCountry "CAN"]

1. e4 e5 2. Nf3 Nc6 3. Bc4 Bc5 4. Nc3 Nf6 5. O-O d6 6. d3 Bg4 7. h3 Bh5 8. a3 Nd4 9. g4 Bg6 10. Nxd4 Bxd4 11. Nd5 c6 12. Nxf6+ Qxf6 13. c3 Bb6 14. g5 Qe7 15. b4 h6 16. h4 hxg5 17. hxg5 Bh5 18. Qd2 Bf3 0-1

[Event "Briths Columbia-ch U20 reserves"]
[Site "New Westminster CAN"]
[Date "2007.11.10"]
[Round "1.3"]
[White "Tomelden, West"]
[Black "Jensen, Jacob"]
[Result "0-1"]
[WhiteElo "1008"]
[BlackElo "1346"]
[PlyCount "82"]
[GameId "2160767910566121"]
[EventDate "2007.11.10"]
[EventType "swiss"]
[EventRounds "5"]
[EventCountry "CAN"]

1. e4 c5 2. Bb5 a6 3. Bc4 d6 4. Nf3 Nf6 5. Ng5 e6 6. Nc3 Be7 7. O-O h6 8. Nf3 O-O 9. d3 b5 10. Bb3 Bb7 11. Be3 Nbd7 12. d4 c4 13. e5 dxe5 14. dxe5 Ng4 15. h3 Ngxe5 16. Nxe5 Nxe5 17. Bf4 Ng6 18. Qxd8 Rfxd8 19. Bc7 Rd7 20. Bg3 cxb3 21. axb3 Bh4 22. Bxh4 Nxh4 23. Rad1 Rxd1 24. Rxd1 Nxg2 25. Rd7 Rb8 26. Ne2 Nh4 27. Nf4 Nf3+ 28. Kg2 Ne5+ 29. Kg3 Nxd7 30. f3 Ne5 31. Nxe6 fxe6 32. c4 bxc4 33. b4 Nxf3 34. h4 e5 35. Kf2 Re8 36. Ke3 e4 37. b5 axb5 38. Ke2 e3 39. Kd1 e2+ 40. Kc2 e1=Q 41. b4 Re2# 0-1

[Event "Briths Columbia-ch U20 reserves"]
[Site "New Westminster CAN"]
[Date "2007.11.10"]
[Round "1.6"]
[White "Vergara, Bryant"]
[Black "Qian, Jack"]
[Result "1-0"]
[WhiteElo "1211"]
[BlackElo "607"]
[PlyCount "65"]
[GameId "2160767910566122"]
[EventDate "2007.11.10"]
[EventType "swiss"]
[EventRounds "5"]
[EventCountry "CAN"]

1. c4 Nc6 2. Nc3 f6 3. g3 e5 4. Bg2 Bc5 5. Nf3 d6 6. O-O Bg4 7. a3 a6 8. b4 Bb6 9. d3 Qd7 10. Bb2 O-O-O 11. Nd5 Ba7 12. Rc1 Nge7 13. Nxe7+ Qxe7 14. Qc2 Bd7 15. b5 Nd4 16. Bxd4 exd4 17. a4 g5 18. bxa6 bxa6 19. c5 Rdf8 20. Qc4 a5 21. Qa6+ Kb8 22. Rb1+ Bb6 23. cxb6 cxb6 24. Rxb6+ Kc7 25. Qa7+ Kd8 26. Rb8+ Bc8 27. Rxc8+ Kxc8 28. Qxe7 Re8 29. Qxd6 Rxe2 30. Rc1+ Kb7 31. Qc7+ Ka8 32. Rb1 Re1+ 33. Nxe1# 1-0

[Event "Briths Columbia-ch U20 reserves"]
[Site "New Westminster CAN"]
[Date "2007.11.10"]
[Round "2.1"]
[White "Parker, Dylan"]
[Black "Cheng, Frank"]
[Result "1-0"]
[WhiteElo "1450"]
[BlackElo "1290"]
[PlyCount "67"]
[GameId "2160767910566123"]
[EventDate "2007.11.10"]
[EventType "swiss"]
[EventRounds "5"]
[EventCountry "CAN"]

1. e4 c5 2. Nf3 Nc6 3. d4 cxd4 4. Nxd4 d6 5. Nc3 Nf6 6. Bg5 e6 7. f4 Be7 8. Qd2 a6 9. Be2 Bd7 10. O-O-O b5 11. Bf3 b4 12. Nce2 Nxd4 13. Qxd4 Bb5 14. Ng3 Rc8 15. Qxb4 d5 16. Qd4 Qc7 17. Rd2 Qa5 18. a3 Bc5 19. b4 Qxa3+ 20. Qb2 Bxb4 21. Qxa3 Bxa3+ 22. Kd1 Bb4 23. Rf2 a5 24. Bxf6 gxf6 25. exd5 exd5 26. Kc1 Bd3 27. Rd1 O-O 28. Be2 Bxe2 29. Rxe2 Bc3 30. Rxd5 Rfe8 31. Rd3 Re6 32. f5 Ra6 33. Nh5 h6 34. Ree3 1-0

[Event "Briths Columbia-ch U20 reserves"]
[Site "New Westminster CAN"]
[Date "2007.11.10"]
[Round "2.2"]
[White "Lee, Jonah"]
[Black "Doknjas, John"]
[Result "0-1"]
[WhiteElo "1234"]
[BlackElo "1388"]
[PlyCount "156"]
[GameId "2160767910566124"]
[EventDate "2007.11.10"]
[EventType "swiss"]
[EventRounds "5"]
[EventCountry "CAN"]

1. c4 Nf6 2. g3 g6 3. Bg2 Bg7 4. e3 e6 5. Ne2 O-O 6. O-O d5 7. cxd5 exd5 8. d4 c6 9. Nbc3 Bf5 10. Nf4 Re8 11. Qb3 Qc7 12. Bd2 Nbd7 13. Rac1 Qb6 14. Qa3 Bf8 15. Qb3 Qxb3 16. axb3 Ne4 17. Nxe4 Bxe4 18. f3 Bf5 19. g4 Be6 20. Nd3 f5 21. h3 fxg4 22. fxg4 Bh6 23. Rce1 Rf8 24. Rxf8+ Rxf8 25. Rf1 Rxf1+ 26. Kxf1 Kf7 27. Kf2 Bg5 28. Kg3 Be7 29. Bb4 Bxb4 30. Nxb4 a5 31. Nc2 g5 32. Bf1 c5 33. Bb5 cxd4 34. exd4 Nf6 35. Kf3 h6 36. Ne3 Ne4 37. Nf1 Ke7 38. Ke3 Kd6 39. Bd3 b6 40. Bb5 Bd7 41. Bd3 Be6 42. Bb5 Bf7 43. Kf3 h5 44. Bd3 hxg4+ 45. hxg4 Bg6 46. Bb5 Nf6 47. Ne3 Bb1 48. Ke2 Ba2 49. Ba4 b5 50. Bxb5 Bxb3 51. Bd3 Ne4 52. Bc2 Bxc2 53. Nxc2 Kc6 54. b3 Kb5 55. Ke3 a4 56. bxa4+ Kxa4 57. Ne1 Kb3 58. Nf3 Kc3 59. Ng1 Nf6 60. Ne2+ Kc4 61. Kf3 Kd3 62. Ng3 Kxd4 63. Nf5+ Ke5 64. Nh6 Ne4 65. Nf7+ Kd4 66. Nh6 Kd3 67. Nf5 Nd2+ 68. Kf2 Ke4 69. Kg3 d4 70. Nd6+ Ke3 71. Nf5+ Kd3 72. Kf2 Ne4+ 73. Kf3 Nd2+ 74. Kf2 Nb3 75. Nd6 Kc2 76. Ne4 d3 77. Nxg5 d2 78. Ne4 d1=Q 0-1

[Event "Briths Columbia-ch U20 reserves"]
[Site "New Westminster CAN"]
[Date "2007.11.10"]
[Round "2.3"]
[White "Jensen, Jacob"]
[Black "Vergara, Bryant"]
[Result "1-0"]
[WhiteElo "1346"]
[BlackElo "1211"]
[PlyCount "125"]
[GameId "2160767910566125"]
[EventDate "2007.11.10"]
[EventType "swiss"]
[EventRounds "5"]
[EventCountry "CAN"]

1. e4 e6 2. d4 d5 3. e5 c5 4. c3 Nc6 5. Nf3 Bd7 6. Be2 Qb6 7. O-O Be7 8. Na3 Nh6 9. Bxh6 gxh6 10. Qd2 O-O-O 11. Rab1 cxd4 12. cxd4 Bb4 13. Qd1 Kb8 14. Nc2 Be7 15. Qd2 Bg5 16. Nxg5 hxg5 17. Rfd1 h6 18. b3 Rdf8 19. a4 f6 20. exf6 Rxf6 21. b4 Rhf8 22. f3 Ne7 23. a5 Qc7 24. Rdc1 Qf4 25. Qc3 Rc8 26. Qa3 g4 27. b5 Nf5 28. b6 Nxd4 29. bxa7+ Kxa7 30. Qb2 Nxe2+ 31. Kh1 Bc6 32. Qb6+ Ka8 33. a6 Qc7 34. axb7+ Qxb7 35. Qe3 Nxc1 36. Rxb7 Kxb7 37. Qxc1 gxf3 38. Qb2+ Kc7 39. Qxf6 fxg2+ 40. Kxg2 d4+ 41. Kf2 d3 42. Qe5+ Kd7 43. Qd4+ Ke7 44. Qxd3 Rf8+ 45. Ke1 Rg8 46. Qh7+ Kf8 47. Qxh6+ Ke8 48. Qxe6+ Kf8 49. Qxc6 Rg1+ 50. Kd2 Rf1 51. Qd6+ Kg8 52. Qd5+ Kg7 53. Qd4+ Kf7 54. Qc4+ Kg6 55. Qxf1 Kg5 56. Ke3 Kg6 57. Qf4 Kg7 58. Qf5 Kg8 59. Qd7 Kf8 60. Kf4 Kg8 61. Kg5 Kf8 62. Kf6 Kg8 63. Qg7# 1-0

[Event "Briths Columbia-ch U20 reserves"]
[Site "New Westminster CAN"]
[Date "2007.11.11"]
[Round "3.1"]
[White "Doknjas, John"]
[Black "Parker, Dylan"]
[Result "0-1"]
[WhiteElo "1388"]
[BlackElo "1450"]
[PlyCount "104"]
[GameId "2160767910566126"]
[EventDate "2007.11.10"]
[EventType "swiss"]
[EventRounds "5"]
[EventCountry "CAN"]

1. d4 d5 2. c4 e6 3. Nc3 Nf6 4. Bg5 Nbd7 5. e3 c6 6. Nf3 Qa5 7. a3 Ne4 8. Qc2 Nxg5 9. Nxg5 dxc4 10. Nf3 b5 11. Rc1 Bd6 12. Be2 Nf6 13. e4 Bb8 14. O-O a6 15. a4 Bb7 16. Ra1 Qc7 17. e5 Nd5 18. b3 cxb3 19. Qxb3 Nf4 20. Rfe1 Nxe2+ 21. Rxe2 Qd8 22. Rea2 O-O 23. axb5 cxb5 24. Nxb5 Bd5 25. Qc3 Bxa2 26. Rxa2 Qc8 27. h3 Qxc3 28. Nxc3 Bc7 29. Kf1 Rfd8 30. Ke2 Bb6 31. Kd3 f6 32. Re2 Kf7 33. exf6 gxf6 34. Ke4 f5+ 35. Kd3 Kf6 36. g4 fxg4 37. hxg4 h6 38. Ne4+ Ke7 39. Rb2 Rab8 40. Ra2 a5 41. Nfd2 Rxd4+ 42. Kc3 Rc8+ 43. Kb3 Rb4+ 44. Ka3 Bxf2 45. Nb3 Rxe4 46. Rxf2 Rxg4 47. Rb2 Rc3 48. Ka2 Ra4+ 49. Kb1 h5 50. Nc1 Rb4 51. Rxb4 Rxc1+ 52. Kxc1 axb4 0-1

[Event "Briths Columbia-ch U20 reserves"]
[Site "New Westminster CAN"]
[Date "2007.11.11"]
[Round "3.2"]
[White "Cheng, Frank"]
[Black "Jensen, Jacob"]
[Result "1/2-1/2"]
[WhiteElo "1290"]
[BlackElo "1346"]
[PlyCount "93"]
[GameId "2160767910566127"]
[EventDate "2007.11.10"]
[EventType "swiss"]
[EventRounds "5"]
[EventCountry "CAN"]

1. e4 c5 2. Nf3 d6 3. d4 cxd4 4. Nxd4 Nf6 5. Nc3 a6 6. Bc4 e6 7. O-O Be7 8. Bg5 O-O 9. f4 b5 10. Bb3 Bb7 11. Bxe6 fxe6 12. Nxe6 Qb6+ 13. Kh1 Re8 14. Bxf6 Bxf6 15. Nd5 Bxd5 16. Qxd5 Kh8 17. Qxa8 Rxe6 18. Qd5 Re8 19. Qf7 Qd8 20. e5 dxe5 21. Rad1 Qc8 22. fxe5 Bxe5 23. Rfe1 Rf8 24. Qd5 Bxb2 25. Qe6 Qxe6 26. Rxe6 h6 27. Rde1 Kh7 28. Re8 Rxe8 29. Rxe8 Nc6 30. c3 a5 31. Re6 Nd8 32. Rb6 Bxc3 33. Rxb5 Ne6 34. Kg1 Nc7 35. Rb1 Nd5 36. a4 Kg6 37. Kf2 Bd4+ 38. Kf3 Kf6 39. Rb5 Nc3 40. Rxa5 g5 41. g4 Kg7 42. Ra8 Kf7 43. Rd8 Bf6 44. Rd7+ Ke6 45. Rh7 Nxa4 46. Rxh6 Nc5 47. h4 1/2-1/2

[Event "Briths Columbia-ch U20 reserves"]
[Site "New Westminster CAN"]
[Date "2007.11.11"]
[Round "3.4"]
[White "Vergara, Bryant"]
[Black "Passey, Trevor"]
[Result "1/2-1/2"]
[WhiteElo "1211"]
[BlackElo "1058"]
[PlyCount "50"]
[GameId "2160767910566128"]
[EventDate "2007.11.10"]
[EventType "swiss"]
[EventRounds "5"]
[EventCountry "CAN"]

1. c4 e5 2. Nc3 d6 3. g3 Nf6 4. Bg2 g6 5. d3 Bg7 6. Bd2 O-O 7. Nf3 Nc6 8. O-O b6 9. a3 Bb7 10. b4 h5 11. Rb1 Qd7 12. Qc1 Nd4 13. Nxe5 dxe5 14. Bxb7 Rab8 15. Bg2 Qg4 16. Re1 a5 17. h3 Qf5 18. Be3 Kh7 19. Bxd4 exd4 20. Nd5 Nxd5 21. cxd5 Rbc8 22. h4 Rfe8 23. Kh2 Qxf2 24. bxa5 bxa5 25. Rb2 Be5 1/2-1/2

[Event "Briths Columbia-ch U20 reserves"]
[Site "New Westminster CAN"]
[Date "2007.11.11"]
[Round "4.1"]
[White "Jensen, Jacob"]
[Black "Parker, Dylan"]
[Result "1-0"]
[WhiteElo "1346"]
[BlackElo "1450"]
[PlyCount "99"]
[GameId "2160767910566129"]
[EventDate "2007.11.10"]
[EventType "swiss"]
[EventRounds "5"]
[EventCountry "CAN"]

1. c4 Nf6 2. g3 e6 3. Bg2 d5 4. cxd5 exd5 5. Nf3 Bg4 6. h3 Bh5 7. Qb3 b6 8. Nc3 c6 9. O-O Qc7 10. d3 Nbd7 11. Bg5 h6 12. Bxf6 Nxf6 13. Rac1 Qd7 14. e4 dxe4 15. dxe4 Bc5 16. Qa4 O-O 17. b4 b5 18. Qb3 Bb6 19. Kh2 Rfe8 20. Rfd1 Qb7 21. g4 Bg6 22. e5 Nd7 23. Kg1 Nxe5 24. Nxb5 Nxf3+ 25. Bxf3 Bxf2+ 26. Kxf2 Qxb5 27. Bxc6 Qe2+ 28. Kg1 Re3 29. Re1 Qxe1+ 30. Rxe1 Rxe1+ 31. Kf2 Ree8 32. Bxa8 Rxa8 33. Qd5 Rc8 34. a4 Rc2+ 35. Ke1 Rh2 36. Qa8+ Kh7 37. Qxa7 Rxh3 38. b5 Rb3 39. b6 Be4 40. a5 h5 41. gxh5 f5 42. a6 Rb1+ 43. Kd2 Rb2+ 44. Kc3 Ra2 45. b7 Bxb7 46. Qxb7 f4 47. a7 f3 48. a8=Q f2 49. Qe4+ Kh6 50. Qg6# 1-0

[Event "Briths Columbia-ch U20 reserves"]
[Site "New Westminster CAN"]
[Date "2007.11.11"]
[Round "4.3"]
[White "Lee, Jonah"]
[Black "Vergara, Bryant"]
[Result "0-1"]
[WhiteElo "1234"]
[BlackElo "1211"]
[PlyCount "150"]
[GameId "2160767910566130"]
[EventDate "2007.11.10"]
[EventType "swiss"]
[EventRounds "5"]
[EventCountry "CAN"]

1. c4 f5 2. g3 Nf6 3. Bg2 g6 4. e3 Bg7 5. d4 O-O 6. Nc3 d6 7. Nge2 e5 8. O-O c6 9. b3 Be6 10. Ba3 Re8 11. d5 cxd5 12. cxd5 Bf7 13. Nb5 Qa5 14. Nxd6 Qxa3 15. Nxe8 Bxe8 16. d6 Nc6 17. Nc3 Qa5 18. Nd5 Nxd5 19. Bxd5+ Kh8 20. Be6 Rd8 21. a3 Bd7 22. b4 Qb6 23. Bxd7 Rxd7 24. Qd5 Qd8 25. Rad1 Qg8 26. Qxg8+ Kxg8 27. Rd2 Kf7 28. b5 Na5 29. Rc1 Nb3 30. Rc7 Ke8 31. Rc8+ Rd8 32. Rc7 Nxd2 33. Rxg7 Rxd6 34. Rxb7 Rb6 35. Rxa7 Rxb5 36. a4 Rb6 37. a5 Rb5 38. a6 Ra5 39. Ra8+ Kf7 40. Rd8 Rxa6 41. Rxd2 Ke6 42. Rd8 Ra7 43. Rh8 Kd5 44. Rd8+ Ke4 45. Kg2 f4 46. g4 fxe3 47. fxe3 Kxe3 48. Re8 e4 49. Re5 Kd3 50. Kg3 e3 51. Kf3 Rf7+ 52. Kg3 Kd2 53. Rd5+ Ke1 54. Re5 e2 55. Re6 Kf1 56. Rxe2 Kxe2 57. Kh4 Rf2 58. h3 Kf3 59. g5 Ke4 60. Kg3 Rf3+ 61. Kg4 Rf4+ 62. Kg3 Kf5 63. h4 Ra4 64. Kh3 Ra3+ 65. Kg2 Kg4 66. Kh2 Kxh4 67. Kg2 Kxg5 68. Kh2 h5 69. Kg2 Kf4 70. Kh2 g5 71. Kg2 g4 72. Kh2 Ra2+ 73. Kg1 Kf3 74. Kh1 g3 75. Kg1 Ra1# 0-1

[Event "Briths Columbia-ch U20 reserves"]
[Site "New Westminster CAN"]
[Date "2007.11.12"]
[Round "5.1"]
[White "Doknjas, John"]
[Black "Jensen, Jacob"]
[Result "1/2-1/2"]
[WhiteElo "1388"]
[BlackElo "1346"]
[PlyCount "84"]
[GameId "2160767910566131"]
[EventDate "2007.11.10"]
[EventType "swiss"]
[EventRounds "5"]
[EventCountry "CAN"]

1. e4 c5 2. c3 d6 3. d4 cxd4 4. cxd4 Nf6 5. Nc3 a6 6. a4 e6 7. Nf3 Be7 8. Bd3 O-O 9. O-O Nbd7 10. Bf4 b6 11. Qc2 h6 12. e5 dxe5 13. Nxe5 Nxe5 14. Bxe5 Bb7 15. f3 Rc8 16. Qe2 Ra8 17. Ne4 Nd7 18. Rfd1 Nxe5 19. dxe5 Qd4+ 20. Kh1 Qxe5 21. Bc2 Kh8 22. Rd7 Bxe4 23. Qxe4 Qxe4 24. Bxe4 Rae8 25. Bc6 Bf6 26. Rxf7 Rxf7 27. Bxe8 Re7 28. Bg6 Rc7 29. Rd1 Kg8 30. Kg1 Kf8 31. Rd6 Ke7 32. Rd2 Rc1+ 33. Kf2 Ra1 34. b3 Bg5 35. Rc2 Kf6 36. Bd3 a5 37. Kg3 Rd1 38. Bc4 Rd4 39. Re2 e5 40. Re4 Rxe4 41. fxe4 Bf4+ 42. Kh3 g5 1/2-1/2

[Event "Briths Columbia-ch U20 reserves"]
[Site "New Westminster CAN"]
[Date "2007.11.12"]
[Round "5.2"]
[White "Parker, Dylan"]
[Black "Vergara, Bryant"]
[Result "1-0"]
[WhiteElo "1450"]
[BlackElo "1211"]
[PlyCount "91"]
[GameId "2160767910566132"]
[EventDate "2007.11.10"]
[EventType "swiss"]
[EventRounds "5"]
[EventCountry "CAN"]

1. e4 e6 2. d4 d5 3. Nc3 dxe4 4. Nxe4 Be7 5. Nf3 Nc6 6. Bb5 Bd7 7. O-O Nf6 8. Nxf6+ Bxf6 9. c3 Qe7 10. Bf4 O-O 11. Bxc7 Rac8 12. Bf4 a6 13. Bd3 h6 14. Bc2 b5 15. Qd3 g6 16. Bxh6 Bg7 17. Bxg7 Kxg7 18. Rfe1 Rh8 19. d5 Nd8 20. d6 Qe8 21. Rad1 Nc6 22. Ne5 Nxe5 23. Rxe5 Qd8 24. Qd4 Qf6 25. Ree1 Qxd4 26. Rxd4 Rh5 27. Red1 Rcc5 28. Be4 Rh4 29. Bb7 Rxd4 30. Rxd4 Re5 31. f3 a5 32. c4 b4 33. b3 Re2 34. c5 Rxa2 35. c6 Bxc6 36. Bxc6 Rb2 37. Ba4 Rb1+ 38. Kf2 Kf8 39. d7 Rb2+ 40. Kg3 e5 41. d8=Q+ Kg7 42. Rd6 Kh6 43. Qh4+ Kg7 44. Qf6+ Kh6 45. Qxf7 Rxb3 46. Qxg6# 1-0

[Event "British Columbia-ch"]
[Site "Victoria CAN"]
[Date "2007.04.06"]
[Round "1.1"]
[White "McLaren, Brian"]
[Black "Jiang, Louie"]
[Result "1-0"]
[WhiteElo "2244"]
[BlackElo "2245"]
[PlyCount "101"]
[GameId "2160767910693161"]
[EventDate "2007.04.06"]
[EventType "tourn"]
[EventRounds "7"]
[EventCountry "CAN"]

1. e4 c5 2. Nc3 Nc6 3. g3 d6 4. Bg2 g6 5. d3 Bg7 6. Be3 e6 7. Qd2 Nge7 8. Bh6 Bf6 9. h4 Nd4 10. Nd1 e5 11. c3 Ne6 12. Nh3 Bd7 13. Ng5 Ng8 14. Nxe6 Bxe6 15. Be3 Ne7 16. O-O Nc6 17. Bh6 Rg8 18. a3 Na5 19. Qe2 Nb3 20. Rb1 g5 21. hxg5 Bxg5 22. Bxg5 Qxg5 23. Ne3 O-O-O 24. Bf3 Bh3 25. Rfd1 Rg6 26. Bh5 Rg7 27. Kh2 Be6 28. Kg2 Kb8 29. Rh1 Rf8 30. Bf3 f5 31. Rh5 Qg6 32. exf5 Bxf5 33. Nxf5 Rxf5 34. Rxf5 Qxf5 35. Rh1 Na5 36. Be4 Qd7 37. Qh5 Qb5 38. Qf5 Rg8 39. b4 Nc6 40. Rxh7 cxb4 41. axb4 Rd8 42. Rd7 Qb6 43. Qe6 Rxd7 44. Qxd7 Qc7 45. Bxc6 bxc6 46. Qxc7+ Kxc7 47. Kf3 e4+ 48. Ke3 Kd7 49. Kd2 Ke6 50. g4 c5 51. bxc5 1-0

[Event "British Columbia-ch"]
[Site "Victoria CAN"]
[Date "2007.04.06"]
[Round "1.2"]
[White "Wu, Howard"]
[Black "Berry, Jonathan"]
[Result "1-0"]
[WhiteElo "2225"]
[BlackElo "2305"]
[PlyCount "93"]
[GameId "2160767910693162"]
[EventDate "2007.04.06"]
[EventType "tourn"]
[EventRounds "7"]
[EventCountry "CAN"]

1. e4 e5 2. Nf3 Nc6 3. Bc4 Nf6 4. d3 Bc5 5. c3 Bb6 6. b4 d6 7. O-O Ne7 8. a4 c6 9. a5 Bc7 10. Re1 O-O 11. Bb3 Ng6 12. Be3 d5 13. Nbd2 Re8 14. Qc2 Ng4 15. Bg5 f6 16. Bh4 Be6 17. Bg3 Qd7 18. h3 Nh6 19. exd5 cxd5 20. Ba4 Qf7 21. Bxe8 Rxe8 22. Nf1 Nf5 23. Bh2 Ngh4 24. Nxh4 Nxh4 25. Bg3 Nf5 26. Bh2 Nh4 27. c4 d4 28. Qe2 h5 29. Ng3 g6 30. Qe4 f5 31. Qxh4 Bd8 32. Nxf5 gxf5 33. Qg3+ Kh7 34. Qxe5 Bf6 35. Qf4 Rg8 36. Qf3 Bd7 37. b5 Bc8 38. Be5 Rg5 39. Bxf6 Qxf6 40. Re8 Bd7 41. Re2 Kh6 42. Qf4 Kg7 43. Qe5 f4 44. Qxf6+ Kxf6 45. Re4 Bxh3 46. Rxf4+ Ke5 47. g3 1-0